000
00258nam a22001217a 4500
020
_a
978-81-8355-567-8
082
_a
494
_b
MAP/A
245
_a
NIBHANDHKOSH
260
_a
NOIDA
_b
MAPLE PRESS
300
_a
272
650
_a
HINDI COMPOSITION
_z
INDIA
942
_c
BK
999
_c
6508
_d
6508